Terminologia - geografia społeczno-ekonomiczna - Statystyki

Ogólne statystyki
  • Ten quiz został rozwiązany 9 razy
  • Średni wynik to 4 z 142
Statystyki odpowiedzi
Definicja Odpowiedź % Poprawnych
obszary na Ziemi, które są trwale niezamieszkane przez człowieka i niewykorzystywane gospodarczo anekumena
75%
obszar miejski, w którym jedno miasto (ośrodek centralny) jest zdecydowanie większe i bardziej dominujące niż pozostałe miasta wchodzące w skład aglomeracji aglomeracja monocentryczna
50%
pojęcie geograficzne, które oznacza obszary świata stale zamieszkane i wykorzystywane gospodarczo przez człowieka ekumena
50%
obszary na kuli ziemskiej, które są zamieszkane przez człowieka jedynie okresowo lub nie są zamieszkane, ale są wykorzystywane gospodarczo, np. przez koczowników, sezonowych pracowników, lub w celu eksploatacji surowców mineralnych subekumena
50%
wyjazd z miejsca zamieszkania, zwykle za granicę, w celu stałego lub czasowego osiedlenia się emigracja
25%
przyjazd z zagranicy na pobyt czasowy lub w celu zamieszkania na stałe imigracja
25%
różnica między liczbą urodzeń żywych a liczbą zgonów w danym okresie i miejscu(urodzenia - zgony) przyrost naturalny
25%
wzrost liczby urodzeń, który ma miejsce po okresie, w którym nastąpił spadek liczby urodzeń lub inny czynnik negatywnie wpływający na rozrodczość, np. po wojnie(przyrost naturalny + saldo migracji) przyrost rzeczywisty
25%
powrót emigrantów do swojego kraju pochodzenia, czyli do ojczyzny reemigracja
25%
zespół miast i miejscowości o zbliżonym potencjale, które są ze sobą silnie funkcjonalnie i komunikacyjnie powiązane, ale żadne z nich nie pełni roli dominującego ośrodka aglomeracja policentryczna (konurbacja)
0%
choroba wywoływana przez ludzki wirus niedoboru odporności, prowadząca do postępującego upośledzenia odporności osoby zakażonej i ostatecznie do rozwoju zespołu nabytego niedoboru odporności AIDS (zespół nabytego upośledzenia odporności)
0%
kontrolowana hodowla organizmów wodnych, czyli ryb, skorupiaków, mięczaków i roślin wodnych, mająca na celu zwiększenie produkcji żywności pochodzącej z wód akwakultura
0%
ogół oddziaływań człowieka na środowisko przyrodnicze, zarówno zamierzonych, jak i przypadkowych, które prowadzą do jego przekształceń antropopresja
0%
obszar Ziemi, który jest przekształcony i kształtowany przez działalność człowieka, włączając w to zarówno jego wpływ na środowisko naturalne, jak i zmiany w sferze społecznej i kulturowej antroposfera
0%
luźny układ integracyjny dotyczący współpracy gospodarczej krajów Azji i obrzeży Pacyfiku, powołany w 1989 r. w Canberze APEC (Współpraca Gospodarcza Azji i Pacyfiku)
0%
współpraca gospodarcza, naukowo-techniczna i kulturalna w regionie Azji Południowo-Wschodniej ASEAN (Stowarzyszenie Narodów Azji Południowo-Wschodniej)
0%
niezależność, samodzielność lub samorządność, zarówno w kontekście zbiorowości (np. narodu, miasta, regionu), jak i jednostek autonomia
0%
różnica między energią otrzymaną przez jakiś obszar (np. Ziemię, powierzchnię lądową, budynek) a energią, którą obszar ten oddaje(e.przychodząca - e.wychodząca) bilans energetyczny
0%
różnica między wartością eksportu a importem towarów i usług w danym kraju lub obszarze ekonomicznym(wartość eksportu - wartość importu) bilans handlowy
0%
rejestr wszystkich transakcji ekonomicznych między rezydentami danego kraju a resztą świata(Saldo rachunku bieżącego + Saldo rachunku kapitałowego - Saldo rachunku finansowego + Błędy i opuszczenia = 0) bilans płatniczy
0%
ilasta skała osadowa, która jest głównym źródłem glinu i podstawowym surowcem do produkcji aluminium boksyty
0%
nieformalne ugrupowanie, które skupia się na współpracy gospodarczej, politycznej i społecznej BRICS (Brazil, Russia, India, China, South Africa)
0%
międzynarodowe porozumienie, którego celem jest stymulowanie wymiany handlowej i integracja gospodarcza państw członkowskich CEFTA (Środkowoeuropejskie Porozumienie o Wolnym Handlu)
0%
ostra i zaraźliwa choroba zakaźna przewodu pokarmowego, której przyczyną jest spożycie pokarmu lub wody skażonej Gram-ujemną bakterią cholera
0%
niezakaźne schorzenia, które często są wynikiem trybu życia i postępu cywilizacyjnego choroby cywilizacyjne
0%
utrzymywanie i pielęgnację zwierząt w celu uzyskania od nich określonych produktów lub wykorzystania ich jako siły roboczej chów
0%
proces rozpraszania, odwrotny do aglomeracji (skupiania, koncentrowania) deglomeracja
0%
pogorszenie stanu przyrodniczego, spowodowane działalnością człowieka lub naturalnymi procesami, co prowadzi do zaburzenia równowagi ekologicznej i obniżenia jakości życia degradacja środowiska
0%
pogląd, który uważa, że środowisko geograficzne, takie jak klimat, ukształtowanie terenu, czy zasoby naturalne, ma decydujący wpływ na rozwój społeczeństw i kultur, a nawet na zachowania ludzi determinizm geograficzny
0%
proces, który prowadzi do znacznego pogorszenia, a nawet zniszczenia naturalnych elementów środowiska dewastacja środowiska
0%
proces koncentracji ludności i działalności gospodarczej w miastach i aglomeracjach miejskich, co prowadzi do wzrostu liczby ludności miejskiej i jej udziału w ogólnej populacji dezurbanizacja
0%
suma dochodów uzyskanych w danym roku z wytworzenia produktów końcowych, które powiększyły „bogactwo narodu" dla danego kraju(dochód narodowy brutto = dochód narodowy netto + (przepływy pieniężne z zagranicy - przepływy pieniężne za granicę) dochód narodowy
0%
zjawisko polegające na zmniejszeniu stężenia ozonu w stratosferze, głównie nad Antarktydą dziura ozonowa
0%
naturalne zjawisko, w którym gazy w atmosferze Ziemi zatrzymują ciepło, podnosząc temperaturę powierzchni naszej planety efekt cieplarniany
0%
międzyrządowa organizacja gospodarcza, która promuje wolny handel i integrację gospodarczą między państwami członkowskimi EFTA (Europejskie Stowarzyszenie Wolnego Handlu)
0%
część terytorium państwa położona w oddzieleniu od jego głównego obszaru, ale na tym samym terytorium lądowym ekslawa
0%
bardzo szybki wzrost liczby ludności w danym regionie, spowodowany wysokim współczynnikiem urodzeń i niskim współczynnikiem zgonów eksplozja demograficzna
0%
energia pozyskiwana z materiałów organicznych, takich jak rośliny, drewno, odpady rolnicze i zwierzęce energia biomasy
0%
energia pozyskiwana bezpośrednio z naturalnych źródeł, zanim zostanie przetworzona na energię użytkowa energia pierwotna
0%
energia wytworzona w wyniku przekształcenia energii pierwotnej energia wtórna
0%
eksklawa otoczona terytorium innego państwa enklawa
0%
występowanie w określonym czasie i na określonym terenie przypadków zachorowań lub innych zjawisk związanych ze zdrowiem w liczbie większej niż oczekiwana epidemia
0%
proces, w którym zbiorniki wodne (jeziora, rzeki, morza) stają się nadmiernie żyzne, czyli bogate w substancje odżywcze (głównie azot i fosfor), co prowadzi do intensywnego wzrostu glonów i sinic eutrofizacja wód
0%
Jest to agencja ONZ zajmująca się walką z głodem, poprawą produkcji żywności, zrównoważonym rozwojem rolnictwa i leśnictwa FAO (Organizacja Narodów Zjednoczonych ds. Wyżywienia i Rolnictwa)
0%
duże gospodarstwo rolne, zmechanizowane i specjalizujące się w uprawie wybranych roślin lub hodowli zwierząt, nastawione na wysoką towarowość i specjalizację produkcji farma
0%
stadia przemian w strukturze demograficznej społeczeństwa, charakteryzujące się zmianami w urodzeniach, zgonach i przyroście naturalnym fazy rozwoju demograficznego
0%
różne działki przemysłu, które dzielą się na podstawie rodzaju wytwarzanych produktów, używanych technologii lub surowców gałęzie przemysłowe
0%
liczba osób przypadająca na jeden kilometr kwadratowy (km²) danego obszaru, np. kraju, regionu, czy miasta(l.ludności/p.terytorium) gęstość zaludnienia
0%
proces integracji i wzajemnego wpływu między krajami, społeczeństwami, gospodarkami i kulturami, prowadzący do wzrostu współzależności i tworzenia "jednego świata" globalizacja
0%
stan, w którym organizm nie otrzymuje wystarczającej ilości energii i składników odżywczych z pożywienia głód jawny
0%
stan, w którym organizm nie otrzymuje wystarczającej ilości energii i składników odżywczych z pożywienia głód utajniony
0%
zespół chorób zakaźnych wywołanych przez wirusy, charakteryzujących się ostrym początkiem, wysoką gorączką i krwotokami gorączka krwotoczna
0%
powszechna i potencjalnie śmiertelna choroba zakaźna, wywoływana przez prątka gruźlicy gruźlica
0%
proces gospodarczy polegający na wymianie dóbr i usług na pieniądze lub inne dobra i usługi, z celem osiągnięcia zysku handel
0%
syntetyczny miernik, który ocenia poziom rozwoju społecznego i gospodarczego w różnych krajach HDI (wskaźnik rozwoju społecznego)
0%
zespół działań mających na celu planowy wzrost i rozwój zwierząt lub roślin, często z myślą o ich rozmnażaniu i wykorzystywaniu hodowla
0%
przewóz towarów lub pasażerów wewnątrz jednego kraju przez przewoźnika, który ma siedzibę w innym kraju kabotaż
0%
była konferencja dyplomatyczna państw europejskich, Kanady i USA, która rozpoczęła się w 1973 roku i zakończyła przyjęciem Aktu Końcowego w 1975 roku KBWE (Konferencja Bezpieczeństwa i Współpracy w Europie)
0%
proces, dzięki któremu coś (np. wynalazek, technologia, wiedza) uzyskuje wartość rynkową i może być wykorzystane do generowania zysków komercjalizacja
0%
odnosi się do wymiany informacji oraz przewozu osób i ładunków komunikacja
0%
Określenie potomka białych kolonizatorów (hiszpańskich, portugalskich i francuskich), urodzonego i osiadłego w Ameryce Łacińskiej oraz na południu Stanów Zjednoczonych Kreole
0%
opady atmosferyczne o odczynie pH mniejszym niż 5,6, czyli kwaśnym kwaśne deszcze
0%
przesyłanie informacji za pośrednictwem rozmaitych form przekazu łączność
0%
gałąź gospodarki narodowej i nauka, zajmująca się zagospodarowaniem, pielęgnacją, ochroną, użytkowaniem i odnawianiem lasów leśnictwo
0%
ludność aktywna zawodowo, czyli wszyscy pracujący i zarejestrowani bezrobotni w wieku 15 lat i więcej ludność zawodowo czynna
0%
groźna choroba pasożytnicza przenoszona przez komary, szczególnie w rejonach tropikalnych i subtropikalnych malaria
0%
hodowla organizmów morskich, takich jak ryby, mięczaki, stawonogi, glony i inne, w wodach morskich marikultura
0%
wielki, silnie zurbanizowany obszar, który powstaje w wyniku zbliżania się do siebie kilku aglomeracji miejskich, tworząc rozległą, policentryczną strefę megalopolis
0%
regionalna unia celna i handlowa, która powstała w 1991 roku na mocy traktatu z Asunción. Głównym celem Mercosur jest ułatwienie handlu i integracji gospodarczej między państwami Ameryki Południowej MERCOSOUR (Wspólny Rynek Południa)
0%
duże miasto, które jest centrum gospodarczym, kulturalnym i administracyjnym dla większego regionu metropolia
0%
osoba mająca mieszane pochodzenie, najczęściej potomstwo Indianina/Indianki i Europejczyka/Europejczyka Metysi
0%
wskaźniki, które służą do pomiaru i oceny stanu zdrowia osób, grup społecznych lub populacji mierniki poziomu zdrowia
0%
Produkt Krajowy Brutto (PKB), Produkt Narodowy Brutto (PNB), Produkt Krajowy Brutto per capita i Wskaźnik Rozwoju Społecznego (HDI) mierniki rozwoju gospodarczego
0%
przemieszczanie się osób z własnej woli, czyli nie związane z przymusem migracje swobodne
0%
przemieszczanie ludzi z miejsca zamieszkania, które jest wbrew ich woli migracje wymuszone J.W
0%
uprawa jednego gatunku roślin (np. drzew leśnych, kukurydzy) na tym samym obszarze przez długi czas monokultura
0%
obszar przybrzeżnych wód morskich, należący do terytorium państwa nadbrzeżnego, o szerokości 12 mil morskich (około 22 km), liczonych od linii podstawowej morze terytorialne
0%
osoby pochodzące od rasy białej i czarnej Mulaci
0%
proces, w którym państwo przejmuje na własność majątek, który wcześniej był własnością prywatną nacjonalizacja
0%
układ zawarty między Stanami Zjednoczonymi, Kanadą i Meksykiem, tworzący strefę wolnego handlu w Ameryce Północnej NAFTA (Północnoamerykański Układ Wolnego Handlu)
0%
kontynuacja, lub ponowne narzucenie, imperialistycznych rządów (zazwyczaj przez byłe mocarstwo kolonialne) nad innym, niepodległym państwem (zazwyczaj byłą kolonią), ale w nowszej, subtelniejszej formie, np. poprzez zależności gospodarcze, polityczne czy kulturowe neokolonializm
0%
pogląd, który neguje znaczący wpływ środowiska geograficznego na rozwój społeczeństwa i gospodarki nihilizm geograficzny
0%
Tereny chronione ze względu na wyróżniający się krajobraz o zróżnicowanych ekosystemach, wartościowe ze względu na możliwość zaspokajania potrzeb związanych z turystyką i wypoczynkiem lub pełnioną funkcją korytarzy ekologicznych obszary chronionego krajobrazu
0%
międzynarodowa organizacja, która skupia 57 państw z Europy, Azji i Ameryki Północnej. Jej głównym celem jest umacnianie bezpieczeństwa i współpracy w obszarze działania, a także promowanie praw człowieka OBWE (Organizacja Bezpieczeństwa i Współpracy w Europie)
0%
forma ochrony przyrody, której celem jest zapewnienie przetrwania i właściwego stanu ochrony dziko występujących roślin, zwierząt i grzybów, a także ich siedlisk ochrona gatunkowa fauny i flory
0%
międzynarodowa organizacja gospodarcza skupiająca 38 państw. Jej celem jest promowanie polityk gospodarczych i społecznych wspierających wzrost gospodarczy i poprawę jakości życia obywateli OECD (Organizacja Współpracy Gospodarczej i Rozwoju)
0%
obszar, na którym koncentruje się wiele zakładów i ośrodków przemysłowych, a także regiony z silnie rozwiniętym przemysłem okręg przemysłowy
0%
Ma na celu utrzymanie pokoju i bezpieczeństwa na świecie, a także rozwój przyjaznych stosunków pomiędzy państwami członkowskimi ONZ (Organizacja Narodów Zjednoczonych)
0%
organizacja umożliwiającą współpracę wiodących krajów produkujących ropę naftową i krajów zależnych od ropy naftowej w celu wspólnego wpływania na światowy rynek ropy naftowej i maksymalizacji zysków OPEC (Organizacja Krajów Eksportujących Ropę Naftową)
0%
miejscowość lub aglomeracja, w której znajduje się skupisko zakładów przemysłowych ośrodek przemysłowy
0%
nazwa epidemii o szczególnie dużych rozmiarach, na dużym obszarze, obejmującej kraje, a nawet kontynenty pandemia
0%
obszar o powierzchni minimum 1000 ha, wyróżniający się wyjątkowymi wartościami przyrodniczymi, naukowymi, społecznymi, kulturowymi i edukacyjnymi, na którym podlegają ochronie cała przyroda oraz walory krajobrazowe park narodowy
0%
łączna wartość wszystkich dóbr i usług wytworzonych w danym kraju w określonym czasie, zwykle w ciągu roku. PKB (Produkt Krajowy Brutto)
0%
duży teren przeznaczony pod uprawę jednej rośliny, zazwyczaj w celach komercyjnych plantacja
0%
ilość (masę) użytecznych części roślin uprawnych zebranych z jednego hektara (ha) plony
0%
ogół zwierząt, najczęściej jednego gatunku, rasy, czasami też płci lub wieku, występujących na określonym obszarze i w danym czasie pogłowie
0%
prawnie chroniony, pojedynczy lub grupowy twór przyrody żywej (np. drzewo, krzew) lub nieożywionej (np. skała, jaskinia), wyróżniający się niezwykłymi cechami (np. wymiarami, wiekiem, kształtem) i o szczególnej wartości przyrodniczej, naukowej, kulturowej, historycznej lub krajobrazowej pomnik przyrody
0%
pogląd, że środowisko przyrodnicze oferuje człowiekowi wiele możliwości rozwoju, a człowiek wybiera te, które najlepiej mu odpowiadają posybilizm geograficzny
0%
zjawisko, w którym dochodzi do rozpadu organizacji, struktur lub państw na mniejsze jednostki proces dezintegracji
0%
łączenie lub scalanie różnych elementów w całość, czy to w kontekście politycznym, ekonomicznym, społecznym, czy też w innych dziedzinach proces integracji
0%
polityka mająca na celu ochronę krajowego przemysłu i handlu przed konkurencją zagraniczną protekcjonizm
0%
proces przekazywania majątku państwowego, np. przedsiębiorstw, akcji lub udziałów w spółkach, na rzecz osób prywatnych prywatyzacja
0%
sektor gospodarki zajmujący się wydobywaniem surowców i przetwarzaniem ich na dobra materialne na dużą skalę, przy użyciu maszyn i podziału pracy przemysł
0%
sektor gospodarki skupiający się na produkcji i rozwoju produktów o zaawansowanych technologicznie rozwiązaniach, wymagających intensywnych prac badawczo-rozwojowych przemysł high-tech
0%
wzrost liczby urodzeń, który ma miejsce po okresie, w którym nastąpił spadek liczby urodzeń lub inny czynnik negatywnie wpływający na rozrodczość, np. po wojnie przyrost kompensacyjny
0%
proces przywracania zdegradowanych lub zniszczonych terenów do stanu, w którym mogą pełnić funkcje użytkowo-ekologiczne rekultywacja
0%
zorganizowany powrót osób, zazwyczaj pochodzenia polskiego, do Polski repatriacja
0%
proces przywracania własności osobom, które zostały jej pozbawione przez państwo w przeszłości, np. w wyniku nacjonalizacji lub wywłaszczenia reprywatyzacja
0%
proces zmian w gospodarce, który ma na celu poprawę wydajności i rentowności przedsiębiorstw oraz dostosowanie przemysłu do aktualnych potrzeb i technologii restrukturyzacja przemysłu
0%
proces, w którym następuje powrót ludności do obszarów centralnych miast, po okresie, gdy liczba mieszkańców w nich spadała reurbanizacja
0%
okresy gwałtownych zmian w gospodarce i społeczeństwie, spowodowane przełomowymi wynalazkami technologicznymi, które zmieniają sposób produkcji i życie codzienne ludzi rewolucje przemysłowe
0%
obszar objęty ochroną, mający na celu zachowanie naturalnych lub mało zmienionych ekosystemów, gatunków roślin i zwierząt, oraz elementów przyrody nieożywionej rezerwat przyrody
0%
dział gospodarki narodowej, który obejmuje uprawę roślin i hodowlę zwierząt w celu produkcji żywności, pasz dla zwierząt oraz surowców dla przemysłu rolnictwo
0%
typ rolnictwa charakteryzujący się niskimi nakładami pracy, kapitału i środków chemicznych na jednostkę powierzchni uprawnej, co skutkuje mniejszymi plonami rolnictwo ekstensywne
0%
forma produkcji rolnej, w której stosuje się intensywne metody uprawy, np. duże nakłady kapitału, środków chemicznych (nawozy, pestycydy), mechanizacji i wysoko specjalizowane metody uprawy, aby osiągnąć wysokie plony rolnictwo intensywne
0%
typ rolnictwa, w którym produkcja rolna jest przede wszystkim przeznaczona na sprzedaż, a nie na własne potrzeby gospodarstwa rolnictwo towarowe
0%
koncepcja, która zakłada harmonijne współistnienie celów ekonomicznych, społecznych i ekologicznych, aby zapewnić rozwój zaspokajający potrzeby obecnych pokoleń bez ograniczania możliwości przyszłych pokoleń rozwój zrównoważony
0%
gałąź gospodarki zajmująca się pozyskiwaniem ryb i innych organizmów wodnych (np. skorupiaków, mięczaków) w celach komercyjnych, rekreacyjnych lub naukowych rybołówstwo
0%
zawodowe wykonywanie działalności gospodarczej przez osobę fizyczną, wykorzystując własne kwalifikacje zawodowe, we własnym imieniu i na własny rachunek, zatrudniając do 250 pracowników rzemiosło
0%
określa liczbę kobiet przypadających na 100 mężczyzn w danym społeczeństwie[(l.kobiet/l.mężczyzn) * 100] stopień feminizacji
0%
proces koncentracji ludności i działalności gospodarczej w miastach i aglomeracjach miejskich, co prowadzi do wzrostu liczby ludności miejskiej i jej udziału w ogólnej populacji suburbanizacja
0%
praktyka, w której statki handlowe rejestrują się pod banderą kraju, który nie jest krajem armatora statku, zwykle w celu obniżenia kosztów tania bandera (FOC)
0%
określenie na miasto lub region, gdzie rozwój gospodarczy jest oparty na produkcji i sprzedaży zaawansowanych technologii (high-tech) technopolia
0%
obszary o wysokim stopniu rozwoju technologicznego, często związanych z przemysłem high-tech, badaniami i rozwojem, oraz skupiskiem firm działających w tych obszarach technostrefa
0%
ogół agresywnych działań przestępczych nastawionych na rozgłos i wytworzenie lęku, mających na celu wymuszenie na władzy lub społeczeństwie określonych ustępstw lub świadczeń terroryzm
0%
część powierzchni Ziemi, na której dane państwo sprawuje swoją władzę i suwerenność terytorium państwowe
0%
przewóz ładunków i osób transport
0%
zjawisko społeczne, obejmujące podróże i pobyt w miejscach poza zwykłym środowiskiem, z różnych powodów (wypoczynek, praca, edukacja itp.) turystyka
0%
gospodarczo-polityczny związek 27 demokratycznych państw europejskich UE (Unia Europejska)
0%
Jest to agencja ONZ, która ma na celu wspieranie międzynarodowej współpracy w dziedzinie edukacji, nauki i kultury, aby przyczynić się do pokoju i bezpieczeństwa na świecie UNESCO (Organizacja Narodów Zjednoczonych ds. Oświaty, Nauki i Kultury)
0%
proces koncentracji ludności i działalności gospodarczej w miastach i aglomeracjach miejskich, co prowadzi do wzrostu liczby ludności miejskiej i jej udziału w ogólnej populacji urbanizacja
0%
proces wzrostu zatrudnienia w sektorach poza rolnictwem, a także zróżnicowanie statusu materialnego ludności miejskiej i wiejskiej urbanizacja ekonomiczna
0%
zjawisko, w którym liczba mieszkańców miast rośnie, ale nie nadążają za tym rozwój infrastruktury i poprawa jakości życia urbanizacja pozorna
0%
proces rozwoju miast i ich otoczenia, który obejmuje powstawanie nowych miast, przekształcanie osad w miasta, rozrastanie się miast, a także zmiany w strukturze przestrzennej i funkcji terenów miejskich urbanizacja przestrzenna
0%
proces, w którym ludzie przenoszą się z terenów wiejskich do miast, przyjmując miejski styl życia i wartości, a także gdy miejskie wzorce przenikają na teren wiejski urbanizacja społeczna
0%
ogół działalności gospodarczej, która nie polega na wytwarzaniu dóbr materialnych, lecz na świadczeniu usług na rzecz innych osób lub podmiotów usługi
0%
obszarem morskim, na którym zbiegają się prawa i interesy państwa nadbrzeżnego i innych państw wody wyłączonej strefy ekonomicznej
0%
sposób klasyfikacji typów demograficznych, oparty na przyroście naturalnym i saldzie migracji[(Urodzenia - zgony/l.ludności) * 1000]
współczynnik przyrostu J.W.
0%
termin występujący w ekonomii rozwoju, oznaczający niemożność wejścia zacofanej gospodarki na drogę rozwoju "Zaklęty krąg ubóstwa"
0%
osoby pochodzące od rasy czarnej i żółtej Zambo
0%
całościowa wartość (np. masa, waga) roślin zebranych z określonego obszaru upraw zbiory
0%
termin używany do określenia intensywnego i przyspieszonego procesu modernizacji rolnictwa w latach 60. XX wieku, głównie w krajach rozwijających się zielona rewolucja
0%
Nie znaleziono quizów pasujących do podanych kryteriów
Rozkład punktacji
Procent ludzi z każdym wynikiem
Percentyl według liczby udzielonych odpowiedzi
Twoja historia wyników
Nie rozwiązałeś tego quizu